000 00597nam a2200193Ia 4500
005 20250507130304.0
008 008 250505s9999 xx 000 0 eng d
037 _aSeries Article
040 _aEASL
_beng
_cEASL
041 _aeng
_2eng
084 _qEASL
100 _aPang Yang Huei
_9673868
245 0 _aHelpful Allies, Interfering neighvours: World opinion and China in the 1950
260 _aUSA
_bNew York Cambridge University Press U.K
_c2015
300 _a204-240 Pp.
650 _aAsian Studies; World Opinion
_9755078
942 _cSRA
999 _c1318789
_d1318789